Tiere mit fehlenden Buchstaben - Statistiken

Allgemein
  • Dieses Quiz wurde 323 mal gespielt
  • Das Durchschnittsergebnis liegt bei 8 aus 10
Antwortstatistiken
Tier fehl. Buchstabe(n) % Korrekt
Aa Aal = l
100%
Aler Adler = d
100%
ffe Affe = A
100%
Affepischer Affenpinscher = n
100%
Agut Aguti = i
100%
Alpesegler Alpensegler = n
100%
Anaonda Anaconda = c
100%
uerhhn Auerhahn = A
100%
Auser Auster = t
100%
Benhadiner Bernhardiner = r
100%
Bibe Biber = r
100%
Bienenresser Bienenfresser = f
100%
Cpybr Capybara = a
100%
Chihaha Chihuahua = u
100%
hinhilla Chinchilla = C
100%
Clownisch Clownfisch = f
100%
Cogi Corgi = r
100%
Delin Delfin = f
100%
Digo Dingo = n
100%
Droedar Dromedar = m
100%
Droel Drossel = s
100%
Eicörncen Eichhörnchen = h
100%
Eisbä Eisbär = r
100%
Erdmäche Erdmännchen = n
100%
Eel Esel = s
100%
Faulier Faultier = t
100%
Flamngo Flamingo = i
100%
Flederaus Fledermaus = m
100%
Flig Fliege = e
100%
Fluder Flunder = n
100%
Forll Forelle = e
100%
Frechen Frettchen = t
100%
Gns Gans = a
100%
Geprd Gepard = a
100%
Golfisch Goldfisch = d
100%
Goria Gorilla = l
100%
Grahüpfer Grashüpfer = s
100%
Gürtelter Gürteltier = i
100%
Haerhai Hammerhai = m
100%
ängebaucscwein Hängebauchschwein = H
100%
Hse Hase = a
100%
Hcht Hecht = e
100%
Heilbtt Heilbutt = u
100%
euscrecke Heuschrecke = H
100%
Hirsh Hirsch = c
100%
Hornie Hornisse = s
100%
Husk Husky = y
100%
Ige Igel = l
100%
Ilti Iltis = s
100%
Jakobsmschel Jakobsmuschel = u
100%
äfer Käfer = K
100%
Kkdu Kakadu = a
100%
Kakerake Kakerlake = l
100%
Kaml Kamel = e
100%
Kanarinvogl Kanarienvogel = e
100%
Kängr Känguru = u
100%
Karfen Karpfen = p
100%
Kauluappe Kaulquappe = q
100%
Kebtz Kiebitz = i
100%
Klappersclange Klapperschlange = h
100%
Kbra Kobra = o
100%
Kräe Krähe = h
100%
Krak Krake = e
100%
Kreuzpinne Kreuzspinne = s
100%
Krokoil Krokodil = d
100%
Köte Kröte = r
100%
Labador Labrador = r
100%
Laa Lama = m
100%
Lemr Lemur = u
100%
Lucs Luchs = h
100%
Lurh Lurch = c
100%
Maiäfer Maikäfer = k
100%
Mautier Maultier = l
100%
Malwrf Maulwurf = u
100%
Meerscweincen Meerschweinchen = h
100%
Monfisch Mondfisch = d
100%
Mps Mops = o
100%
Müke Mücke = c
100%
Muäne Muräne = r
100%
Nachigall Nachtigall = t
100%
Nactmull Nacktmull = k
100%
Naenbär Nasenbär = s
100%
ashor Nashorn = N
100%
Ner Nerz = z
100%
Nilperd Nilpferd = f
100%
ktpus Oktopus = o
100%
Orag Uta Orang Utan = n
100%
Ppgei Papagei = a
100%
Pelian Pelikan = k
100%
Pfu Pfau = a
100%
Pingin Pinguin = u
100%
Pthon Python = y
100%
ualle Qualle = Q
100%
abe Rabe = r
100%
Re Reh = h
100%
Rochn Rochen = e
100%
Salamader Salamander = n
100%
Schbe Schabe = a
100%
Scäferund Schäferhund = h
100%
Scaf Schaf = h
100%
Schildröte Schildkröte = k
100%
Schmeerling Schmetterling = t
100%
Schnece Schnecke = k
100%
Schalbe Schwalbe = w
100%
Schwen Schwein = i
100%
Seeaneone Seeanemone = m
100%
Seegrke Seegurke = u
100%
Sigel Seeigel = e
100%
Seepferdhen Seepferdchen = c
100%
Sstrn Seestern = e
100%
iebenchläfer Siebenschläfer = S
100%
Silbefisch Silberfisch = r
100%
Spitzmus Spitzmaus = a
100%
Stir Stier = e
100%
Stauß Strauß = r
100%
Tapi Tapir = r
100%
Tabe Taube = u
100%
Tausenfüßler Tausendfüßler = d
100%
Teicmolc Teichmolch = h
100%
Thufisch Thunfisch = n
100%
Tigr Tiger = e
100%
Totenkofaffe Totenkopfaffe = p
100%
Truthhn Truthahn = a
100%
Tuan Tukan = k
100%
Uu Uhu = h
100%
Uzeitkebs Urzeitkrebs = r
100%
Viefraß Vielfraß = l
100%
Vogelpinne Vogelspinne = s
100%
Walro Walross = s
100%
Warzeschwei Warzenschwein = n
100%
Washbär Waschbär = c
100%
eberknecht Weberknecht = W
100%
Wellenittich Wellensittich = s
100%
Wepe Wespe = s
100%
Wisl Wiesel = e
100%
Wilkatze Wildkatze = d
100%
Winhun Windhund = d
100%
ebra Zebra = Z
100%
Zitronenflter Zitronenfalter = a
100%
Zwerspitz Zwergspitz = g
100%
Hamter Hamster = s
92%
Löe Löwe = w
92%
Schlage Schlange = n
92%
Fish Fisch = c
91%
Fnk Fink = i
90%
artoffeläfer Kartoffelkäfer = K
90%
Dach Dachs = s
89%
Eleant Elefant = f
89%
Florflig Forfliege = e
89%
Perd Pferd = f
89%
Schlle Scholle = o
89%
Wrn Waran = a
89%
Ameienbär Ameisenbär = s
88%
Bandurm Bandwurm = w
88%
Dlmtiner Dalmatiner = a
88%
Eintagfliege Eintagsfliege = s
88%
Feuerwnze Feuerwanze = a
88%
Kaichen Kaninchen = n
88%
Koote Kojote = j
88%
Kh Kuh = u
88%
Ohrekeifer Ohrenkneifer = n
88%
tter Otter = O
88%
Pvin Pavian = a
88%
Stintier Stinktier = k
88%
Wildund Wildhund = h
88%
Albaros Albatros = t
86%
Bachselze Bachstelze = t
86%
Biee Biene = n
86%
Blutgl Blutegel = e
86%
raunär Braunbär = B
86%
Frosh Frosch = c
86%
Gazee Gazelle = l
86%
Glühwürchen Glühwürmchen = m
86%
Graurihr Graureiher = e
86%
Jagar Jaguar = u
86%
Lahs Lachs = c
86%
Mrbu Marabu = a
86%
Möe Möwe = w
86%
Murmltir Murmeltier = e
86%
Skorion Skorpion = p
86%
Stabschrck Stabschrecke = e
86%
ildschein Wildschwein = W
86%
Zig Ziege = e
86%
Apaka Alpaka = l
83%
Basch Barsch = r
83%
Bisn Bison = o
83%
Bo Boa = a
83%
onoo Bonobo = B
83%
Chaäleon Chamäleon = m
83%
Ech Elch = l
83%
Eue Eule = l
83%
Fake Falke = l
83%
Girae Giraffe = f
83%
Legan Leguan = u
83%
Marienäfer Marienkäfer = k
83%
Moe Motte = t
83%
Ocse Ochse = h
83%
Oca Orca = r
83%
Prärieund Präriehund = h
83%
Rebun Rebhuhn = h
83%
Shrim Shrimp = p
83%
Stacelscwein Stachelschwein = h
83%
Str Star = a
83%
Steinkau Steinkauz = z
83%
Bulldgge Bulldogge = o
82%
Hrmlin Hermelin = e
82%
achtel Wachtel = W
82%
aunkönig Zaunkönig = Z
82%
Babe Barbe = r
80%
Brrcud Barracuda = a
80%
Cockr Spanil Cocker Spaniel = e
80%
Flghnd Flughund = u
80%
ai Hai = H
80%
un Huhn = H
80%
Kellerssel Kellerassel = a
80%
Muffln Mufflon = o
80%
Regewurm Regenwurm = n
80%
Rntir Rentier = e
80%
Spat Spatz = z
80%
Wol Wolf = f
80%
Yokshie Teie Yorkshire Terrier = r
80%
Kaze Katze = t
78%
Herng Hering = i
77%
Brese Bremse = m
75%
Dole Dohle = h
75%
nt Ente = E
75%
Faan Fasan = s
75%
Flh Floh = o
75%
Haicht Habicht = b
75%
Holbock Holzbock = z
75%
Holzwrm Holzwurm = u
75%
Kolbr Kolibri = i
75%
Kres Krebs = b
75%
Mui Muli = l
75%
Pantoeltierchen Pantoffeltierchen = f
75%
Pillenreher Pillendreher = d
75%
Pua Puma = m
75%
Rotkehlhen Rotkehlchen = c
75%
Schan Schwan = w
75%
Serling Sperling = p
75%
Terite Termite = m
75%
al Wal = W
75%
Zader Zander = n
75%
Zeke Zecke = c
75%
Grie Grille = l
73%
ibee Libelle = L
73%
Amel Amsel = s
71%
Kol Koala = a
71%
Languse Languste = t
71%
Pnd Panda = a
71%
Schimpnse Schimpanse = a
71%
Speht Specht = c
71%
Spie Spinne = n
71%
Titefisch Tintenfisch = n
71%
Uke Unkel = n
71%
Wisnt Wisent = e
71%
Seretär Sekretär = k
70%
Büel Büffel = f
69%
Häne Hyäne = y
69%
Amisnlöw Ameisenlöwe = e
67%
Aa Ara = r
67%
Axltl Axolotl = o
67%
Battaus Blattlaus = l
67%
Blindscleice Blindschleiche = h
67%
Cllie Collie = o
67%
Doktorisch Doktorfisch = f
67%
Ecse Echse = h
67%
lstr Elster = E
67%
Gäse Gämse = m
67%
Geko Gecko = c
67%
Huer Hummer = m
67%
Kabelau Kabeljau = j
67%
Kreuztter Kreuzotter = o
67%
Mas Maus = u
67%
Mian Milan = l
67%
Mustan Mustang = g
67%
Nanu Nandu = d
67%
pssum Opossum = O
67%
Piraha Piranha = n
67%
Rehuhn Rebhuhn = b
67%
Schaal Schakal = k
67%
Strifnhörnchn Streifenhörnchen = e
67%
aranel Tarantel = T
67%
Tölel Tölpel = p
67%
Wier Widder = d
67%
Zisl Ziesel = e
67%
Alliator Alligator = g
63%
Buard Bussard = s
63%
Kariu Karibu = b
63%
Manuste Manguste = g
63%
Okai Okapi = p
63%
Stichlin Stichling = g
63%
Dorntufl Dornteufel = e
60%
Lus Laus = a
60%
Ligr Liger = e
60%
Marer Marder = d
60%
Schnae Schnake = k
60%
Seinbock Steinbock = t
60%
Sör Stör = t
60%
ak Yak = Y
60%
Kkpo Kakapo = a
58%
Bisaratte Bisamratte = m
57%
Dompa Dompfaff = f
57%
Kaian Kaiman = m
57%
Mae Made = d
57%
Mki Maki = a
57%
uokka Quokka = Q
57%
Kodor Kondor = n
56%
Mandri Mandrill = l
56%
Quaa Quagga = g
56%
Amis Ameise = e
50%
Binturon Binturong = g
50%
Eisogel Eisvogel = v
50%
Em Emu = u
50%
Gu Gnu = n
50%
Gottesaneterin Gottesanbeterin = b
50%
Grily Grizzly = z
50%
Huel Hummel = m
50%
Kaa Katta = t
50%
Kugelisch Kugelfisch = f
50%
Laubfrsch Laubfrosch = o
50%
aba Mamba = M
50%
Naer Natter = t
50%
Pua Puma = m
50%
Raue Raupe = p
50%
Roe Robbe = b
50%
Schlaspringer Schlammspringer = m
50%
Schmrl Schmerle = e
50%
Wawurm Wattwurm = t
50%
Wes Wels = l
50%
Zire Zirpe = p
50%
Rae Ratte = t
45%
Bluga Beluga = e
43%
Dacel Dackel = c
43%
Gir Geier = e
43%
Deu Degu = g
40%
Feek Fennek = n
40%
Gion Gibbon = b
40%
Gupp Guppy = y
40%
Hud Hund = n
40%
Sarelle Sardelle = d
40%
Schnbeltier Schnabeltier
40%
Teie Terrier = r
40%
Doe Dogge = g
38%
Mile Milbe = b
38%
Sarine Sardine = d
38%
Bobail Bobtail = t
33%
odiabär Kodiakbär = K
33%
Kororan Kormoran = m
33%
Pagoli Pangolin = n
33%
Schnpf Schnepfe = e
33%
okees Tokees = T
33%
Mugo Mungo = n
25%
Pese Perser = r
25%
iper Viper = V
25%
Bartagae Bartagame = m
17%
Inri Indri = d
17%
Ol Olm = m
17%
Boer Boxer = x
0%
undi Gundi = G
0%
Leing Lemming = m
0%
Mis Meise = e
0%
Nutia Nutria = r
0%
Keine übereinstimmenden Quizze gefunden
Verteilung der Resultate
Anzahl Personen mit jedem Resultat
Perzentil nach korrekt beantworteten Fragen
Ihre Resultats-Entwicklung
Sie haben dieses Quiz noch nicht gespielt